| 000 | 01344nam a22001697a 4500 | ||
|---|---|---|---|
| 005 | 20260528162722.0 | ||
| 008 | 230110t2023 xxk ||||o|||| 00| 0 eng d | ||
| 110 | _aRICS Knowledge and Information Service | ||
| 245 | _aFAQ: What is the definition of a block? | ||
| 260 |
_bRICS Knowledge and Information Service, _cLast reviewed 12th May 2023 |
||
| 490 | _aRICS FAQ | ||
| 520 | _aThe RICS cannot define what a ‘block’ is but the question has come up before in relation to an External Wall Cladding Survey (EWS1). The FAQs at https://www.rics.org/news-insights/current-topics-campaigns/fire-safety/cladding-external-wall-system-ews-faqs states "Each EWS1 form is valid for an entire block / building" There have been instances of developments of several attached ‘blocks’ with several different postcodes. We understand the professionals involved in one case decided that where the blocks are abutted but there is no connecting floors/stairs etc that they are separate blocks – but each case has to be decided on its own merits as they will likely be unique. An EWS1 form can have multiple postcodes on the same form if the block spans more than one postcode. | ||
| 650 | _aCladding | ||
| 690 |
_96308 _aCladding |
||
| 690 |
_96223 _aBuilding materials & defects |
||
| 710 | _aRICS Knowledge and Information Service | ||
| 999 |
_c121322 _d121322 |
||